000 00810nam a2200193 a 4500
001 000037201
005 20200930080213.0
008 120301s1972 mx 000 0 spa d
040 _aDO-SdBNP
_bspa
_cBNPHU
082 _axxxx
_bH576n
100 1 _aHertz, David B.
_963613
240 1 0 _aNew power for management
_lEspañol
245 1 0 _aNuevas técnicas para la dirección de empresas. :
_bciencias de la administración y sistemas de computación /
_cDavid Bendel Hertz; traducción Margarita Álvarez Franco Martínez.
260 _aMéxico :
_bCentro Regional de Ayuda Técnica :
_bAgencia pra el Desarrollo Internacional (AID),
_c1972.
300 _a242 p. ;
_c22 cm.
500 _aTraduccido del inglés
504 _aBibliografía : p.231-236
700 1 _aÁlvarez Franco Martínez, Margarita,
_etr.
_963614
999 _c36691
_d36691